| 000 | 00371nam a2200157Ia 4500 | ||
|---|---|---|---|
| 005 | 20260330112749.0 | ||
| 008 | 260330s9999||||xx |||||||||||||| ||und|| | ||
| 020 | _a9806573000 | ||
| 041 | _aspa | ||
| 245 | 0 | _aEl Libro De Los Miedos / | |
| 250 | _a1 ed. | ||
| 260 |
_aCaracas, Venezuela : _bCyls Editores. _c2004 |
||
| 300 | _a31 p. | ||
| 650 | _aCUENTO | ||
| 942 | _cBKL | ||
| 999 |
_c3430 _d3430 |
||